| 000 | 00625cam a2200217 4500500 | ||
|---|---|---|---|
| 005 | 20260405002457.0 | ||
| 041 | _afre | ||
| 042 | _adc | ||
| 100 | 1 | 0 |
_aLacroix, Samuel _eauthor |
| 245 | 0 | 0 | _aLe graphique. Plus de robots, moins de chômeurs ? |
| 260 | _c2017. | ||
| 500 | _a6 | ||
| 690 | _aChômage | ||
| 690 | _aEmploi | ||
| 690 | _aRobot | ||
| 690 | _aRobotique | ||
| 690 | _aRobotisation | ||
| 690 | _aTravail | ||
| 786 | 0 | _nPhilosophie magazine | 110 | 6 | 2017-06-01 | p. 7-7 | 1951-1787 | |
| 856 | 4 | 1 | _uhttps://shs.cairn.info/magazine-philosophie-magazine-2017-6-page-7?lang=fr&redirect-ssocas=7080 |
| 999 |
_c2058042 _d2058042 |
||